Growing readers : units of study in the primary classroom /

Bibliographic Details
Main Author: Collins, Kathy, 1964-
Format: Book
Language:English
Published: Portland, Me. : Stenhouse Publishers, [2004]
Subjects:

MARC

Tag First Indicator Second Indicator Subfields
LEADER 00000cam a22000004a 4500
001 in00001999607
005 20151031130928.0
008 040511s2004 meua b 001 0 eng
010 |a  2004049180 
020 |a 1571103732 (alk. paper) 
035 |a (OCoLC)ocm55208189 
040 |a DLC  |c DLC  |d C#P  |d TXA  |d UtOrBLW 
042 |a pcc 
049 |a TXAM 
050 0 0 |a LB1525  |b .C68 2004 
082 0 0 |a 372.4  |2 22 
090 |a LB1525  |b .C64 2004 
100 1 |a Collins, Kathy,  |d 1964- 
245 1 0 |a Growing readers :  |b units of study in the primary classroom /  |c Kathy Collins ; foreword by Lucy Calkins. 
264 1 |a Portland, Me. :  |b Stenhouse Publishers,  |c [2004] 
264 4 |c ©2004 
300 |a xviii, 278 pages :  |b illustrations ;  |c 26 cm. 
336 |a text  |b txt  |2 rdacontent 
337 |a unmediated  |b n  |2 rdamedia 
338 |a volume  |b nc  |2 rdacarrier 
504 |a Includes bibliographical references (pages 265-267) and index. 
650 0 |a Reading (Primary) 
994 |a E0  |b TXA 
948 |a cataloged  |b h  |c 2004/11/5  |d c  |e jlanham  |f 12:17:37 pm 
999 |a MARS 
999 f f |s e9dc9afe-9d4a-3b17-b97d-382c92021d81  |i 56c210c5-f540-348f-b848-d85e40c975c1  |t 0 
952 f f |p normal  |a Texas A&M University  |b College Station  |c Sterling C. Evans Library  |d Evans: Library Stacks  |t 0  |e LB1525 .C64 2004  |h Library of Congress classification  |i unmediated -- volume  |m A14831590289 
998 f f |a LB1525 .C64 2004  |t 0  |l Evans: Library Stacks